|
|
|
|
| LEADER |
00000nab a2200000uu 4500 |
| 001 |
vtls011141187 |
| 003 |
SK-MaSNL |
| 005 |
20260303151126.0 |
| 008 |
230222|1987 xo |||||||||||||||||cze| |
| 015 |
|
|
|a SNBRB
|
| 035 |
|
|
|a (urnnbn)urn:nbn:sk:snk:ar-008ca6
|
| 035 |
|
|
|a (uuid)ac4df379-aecc-4c25-a011-38ff0ed855c6
|
| 035 |
|
|
|a urn:nbn:sk:snk-abasyc
|
| 040 |
|
|
|a SNKBUCL
|b slo
|c SNKBUCL
|e AACR2
|
| 041 |
0 |
|
|a cze
|
| 044 |
|
|
|a xo
|c SK
|
| 100 |
1 |
|
|a Filaret
|4 aut
|9 1170302
|
| 245 |
1 |
0 |
|a PŘIJETÍ KŘESŤANSTVÍ NA RUSI
|c Filaret
|
| 773 |
0 |
|
|t Pravoslavný teologický sborník
|g Č. 14 (1987), s. 71-102
|
| 958 |
|
|
|a OND
|
| 958 |
|
|
|a EUIPO
|
| 958 |
|
|
|a article14
|
| 999 |
|
|
|c 2016144
|d 2018074
|